Boletín de instrucción pública. Tomo V. Marzo de 1906. no. 8.

保存先:
書誌詳細
団体著者: México. Secretaría de Educación Pública
フォーマット: 図書
言語:スペイン語
主題:
タグ: タグ追加
タグなし, このレコードへの初めてのタグを付けませんか!

MARC

LEADER 00000nam^a2200000^u^4500
001 000505869
005 20250521000000.0
008 081217s1000^^^^^^^^^^^^r^^^^^000^0^spa^d
009 20260526151217.864
035 |a FCE 000050074 
037 |a Acervo ITESO - Biblioteca 
041 |a spa 
082 0 4 |a 379.15  |b SEPb 1906 T.V 8 
110 |a México. Secretaría de Educación Pública 
245 1 0 |a Boletín de instrucción pública.  |b Tomo V. Marzo de 1906. no. 8. 
264 |a México:  |b SEP,  |c 1906. 
300 |a pp. 636-796. 
336 |a texto  |b txt  |2 rdacontenido 
337 |a sin mediación  |b n  |2 rdamedio 
338 |a volumen  |b nc  |2 rdasoporte 
649 |a XX 
650 |a Educación pública 
650 |a Informes 
650 |a Rendición de cuentas 
650 |a Congresos 
650 |a México 
910 |a Fondo Centro de Estudios Educativos 
920 |a Impresos - Libros 
930 |a Fondos Especiales 
905 |a 133 
901 |a ALE065978  |b IT2  |c CEE  |u 20250521 
902 |a https://opac.biblio.iteso.mx/vufind/Record/000505869